स्मृति में रहें वे / (Record no. 46232)

MARC details
000 -LEADER
fixed length control field 03252nam a22004097a 4500
005 - DATE AND TIME OF LATEST TRANSACTION
control field 20100915122746.0
008 - FIXED-LENGTH DATA ELEMENTS--GENERAL INFORMATION
fixed length control field 100915t xxu||||| |||| 00| 0 hin d
010 ## - LCCN (DPL NO)
LC control number HIN-90499 B-438341-351
020 ## - INTERNATIONAL STANDARD BOOK NUMBER
International Standard Book Number 8186209778
Terms of availability 395.00
035 ## - SYSTEM CONTROL NUMBER
System control number HN-62845 B-438341-351
037 ## - SOURCE OF ACQUISITION
Source of stock number/acquisition DBAD / PUB
037 ## - SOURCE OF ACQUISITION
Source of stock number/acquisition Allied Pub
040 ## - CATALOGING SOURCE
Original cataloging agency DPL
Language of cataloging HN
082 ## - DEWEY DECIMAL CLASSIFICATION NUMBER
Classification number 828
100 ## - MAIN ENTRY--PERSONAL NAME
Personal name जोशी, शेखर
9 (RLIN) 20178
245 ## - TITLE STATEMENT
Title स्मृति में रहें वे /
Statement of responsibility, etc शेखर जोशी
260 ## - PUBLICATION, DISTRIBUTION, ETC. (IMPRINT)
Place of publication, distribution, etc हापुड़
Name of publisher, distributor, etc संभावना प्रकाशन
Date of publication, distribution, etc 2010
270 ## - ADDRESS
Address रेवती कुंज
City हापुड़
Postal code 245101
300 ## - PHYSICAL DESCRIPTION
Extent 248पृ.
Dimensions 22सेमी (सजिल्द)
650 ## - SUBJECT ADDED ENTRY--TOPICAL TERM
9 (RLIN) 1159
700 ## - ADDED ENTRY--PERSONAL NAME
9 (RLIN) 20179
700 ## - ADDED ENTRY--PERSONAL NAME
9 (RLIN) 20333
942 ## - ADDED ENTRY ELEMENTS (KOHA)
Source of classification or shelving scheme Dewey Decimal Classification
Item type Hindi Books
Classification part 828
Call number suffix जोशीशे
Holdings
Withdrawn status Lost status Source of classification or shelving scheme Damaged status Not for loan Collection code Home library Current library Date acquired Source of acquisition Cost, normal purchase price Total Checkouts Full call number Barcode Date last seen Copy number Cost, replacement price Koha item type
    Dewey Decimal Classification     Non-fiction Bawana Bawana 17/06/2011 Allied Pub/3013/31.3.11/80/15.3.11/31.3.11 395.00   828 जोशीशे B-438350 17/06/2011 1 395.00 Hindi Books
    Dewey Decimal Classification     Non-fiction Central Library Central Library 17/06/2011 Allied Pub/3013/31.3.11/80/15.3.11/31.3.11 395.00 1 828 जोशीशे B-438341 11/10/2018 2 395.00 Hindi Books
    Dewey Decimal Classification     Non-fiction Central Library Central Library 17/06/2011 Allied Pub/3013/31.3.11/80/15.3.11/31.3.11 395.00 1 828 जोशीशे B-438342 06/06/2018 2 395.00 Hindi Books
    Dewey Decimal Classification   Not For Loan Non-fiction D.B.Act.Division D.B.Act.Division 16/09/2010 DBAD / PUB 395.00   828 जोशीशे HN-62845 16/09/2010 1 395.00 Hindi Books
    Dewey Decimal Classification     Non-fiction Janak Puri Janak Puri 17/06/2011 Allied Pub/3013/31.3.11/80/15.3.11/31.3.11 395.00   828 जोशीशे B-438346 17/06/2011 1 395.00 Hindi Books
    Dewey Decimal Classification     Non-fiction Karol Bagh Karol Bagh 17/06/2011 Allied Pub/3013/31.3.11/80/15.3.11/31.3.11 395.00   828 जोशीशे B-438348 17/06/2011 1 395.00 Hindi Books
    Dewey Decimal Classification     Non-fiction Narela Karol Bagh 17/06/2011 Allied Pub/3013/31.3.11/80/15.3.11/31.3.11 395.00   828 जोशीशे B-438349 17/06/2011 1 395.00 Hindi Books
    Dewey Decimal Classification     Non-fiction Kasturba Gandhi Marg Kasturba Gandhi Marg 17/06/2011 Allied Pub/3013/31.3.11/80/15.3.11/31.3.11 395.00   828 जोशीशे B-438344 17/06/2011 1 395.00 Hindi Books
    Dewey Decimal Classification     Non-fiction Patel Nagar Patel Nagar 17/06/2011 Allied Pub/3013/31.3.11/80/15.3.11/31.3.11 395.00   828 जोशीशे B-438343 17/06/2011 1 395.00 Hindi Books
    Dewey Decimal Classification     Non-fiction Peshwa Road Peshwa Road 17/06/2011 Allied Pub/3013/31.3.11/80/15.3.11/31.3.11 395.00   828 जोशीशे B-438345 17/06/2011 1 395.00 Hindi Books
    Dewey Decimal Classification     Non-fiction Sarojini Nagar Sarojini Nagar 17/06/2011 Allied Pub/3013/31.3.11/80/15.3.11/31.3.11 395.00   828 जोशीशे B-438347 17/06/2011 1 395.00 Hindi Books
    Dewey Decimal Classification     Non-fiction Shahdara Branch Shahdara Branch 17/06/2011 Allied Pub/3013/31.3.11/80/15.3.11/31.3.11 395.00 1 828 जोशीशे B-438351 29/09/2021 1 395.00 Hindi Books

© Delhi Public Library
Hit Counter
free hit counter